| 000 | 00438nam a22001577a 4500 | ||
|---|---|---|---|
| 005 | 20251108165023.0 | ||
| 008 | 250721s1988 xx 000 0 ara d | ||
| 082 | 1 | 4 | _a659.1/محم |
| 100 | 1 | _aالصحن، محمد فريد | |
| 245 | 1 | 0 | _aالإعلان / |
| 264 | 1 |
_aالإسكندرية : _bالدار الجامعية، _c1988. |
|
| 300 | _a304ص | ||
| 650 | 1 | 7 | _aالإعلان التجاري |
| 942 |
_2ddc _cBK |
||
| 999 |
_c20078 _d20078 |
||